Радиоволновой контроль: учебное пособие

Библиографические подробности
Главный автор: Матвеев В. И. Владимир Иванович
Автор-организация: Российское общество по неразрушающему контролю и технической диагностике (РОНКТД)
Другие авторы: Клюев В. В. (редактор)
Примечания:Изложены основы и области применения радиоволнового контроля, рассмотрены методы контроля, элементы техники сверхвысоких частот, типовые схемы построения преобразователей и приборов. Для каждого из радиоволновых методов указаны особенности технической реализации с примерами конкретных применений. Приведены национальные стандарты по радиоволновым методам и приборам, перечни вопросов для самопроверки. Книга может быть использована в качестве пособия для подготовки студентов и специалистов, обучающихся по направлениям технической диагностики, контроля качества и безопасности изделий и конструкций. Учебное пособие рекомендуется для подготовки к аттестации специалистов 1, 2 и 3 уровней НК по международной и европейской системам аттестации, а также в качестве базового материала для дистанционного обучения специалистов по НК.
Язык:русский
Опубликовано: Москва, Спектр, 2011
Серии:Диагностика безопасности
Предметы:
Формат: Книга
Запись в KOHA:https://koha.lib.tpu.ru/cgi-bin/koha/opac-detail.pl?biblionumber=194724

MARC

LEADER 00000nam0a2200000 4500
001 194724
005 20231101224557.0
010 |a 9785904270513 
035 |a (RuTPU)RU\TPU\book\212399 
090 |a 194724 
100 |a 20110421d2011 m y0rusy50 ca 
101 0 |a rus 
102 |a RU 
105 |a a j 001zy 
200 1 |a Радиоволновой контроль  |e учебное пособие  |f В. И. Матвеев  |g Российское общество по неразрушающему контролю и технической диагностике (РОНКТД); под ред. В. В. Клюева 
210 |a Москва  |c Спектр  |d 2011 
215 |a 182 с.  |c ил. 
225 1 |a Диагностика безопасности 
320 |a Библиогр.: с. 180-181. 
330 |a Изложены основы и области применения радиоволнового контроля, рассмотрены методы контроля, элементы техники сверхвысоких частот, типовые схемы построения преобразователей и приборов. Для каждого из радиоволновых методов указаны особенности технической реализации с примерами конкретных применений. Приведены национальные стандарты по радиоволновым методам и приборам, перечни вопросов для самопроверки. Книга может быть использована в качестве пособия для подготовки студентов и специалистов, обучающихся по направлениям технической диагностики, контроля качества и безопасности изделий и конструкций. Учебное пособие рекомендуется для подготовки к аттестации специалистов 1, 2 и 3 уровней НК по международной и европейской системам аттестации, а также в качестве базового материала для дистанционного обучения специалистов по НК. 
606 1 |a Неразрушающий контроль  |2 stltpush  |3 (RuTPU)RU\TPU\subj\66931  |9 82903 
610 1 |a радиоволновой контроль 
610 1 |a физические основы 
610 1 |a радиоволновое излучение 
610 1 |a источники 
610 1 |a приемники 
610 1 |a методы 
610 1 |a средства 
610 1 |a диагностика 
610 1 |a СВЧ 
610 1 |a сверхвысокие частоты 
610 1 |a безопасность 
610 1 |a стандарты 
610 1 |a учебные пособия 
675 |a 620.179.1(075.8)  |v 3 
700 1 |a Матвеев  |b В. И.  |g Владимир Иванович 
702 1 |a Клюев  |b В. В.  |4 340 
712 0 2 |a Российское общество по неразрушающему контролю и технической диагностике (РОНКТД)  |2 stltpush  |3 (RuTPU)RU\TPU\col\17335 
801 1 |a RU  |b 63413507  |c 20110421 
801 2 |a RU  |b 63413507  |c 20150528  |g RCR 
900 |a Физические методы контроля 
942 |c BK 
959 |a 43/20110421  |d 5  |e 550,00  |f ЧЗТЛ:1  |f АНЛ:1  |f УФ:3 
959 |a 75/20130412  |d 5  |e 570,00  |f УФ:5